000 01217cam a2200277 4500
001 WB3815-04
008 020424n2002 000 0 eng u
035 _a(Sirsi) u117658
245 _aLondon is most connected city
260 _c2002
490 _aEconomic and Social Research Council Press Release
_v 18 April 2002 (4)
520 _aA research project "World city network formation in a space of flows" by geographers at Loughborough University puts London as the world's most connected city in terms of its financial and business services - just ahead of New York. The report shows the two cities came well ahead of the third most connected city, Hong Kong. The project was funded by the Economic and Social Research Council (ESRC). ESRC press release: http://www.esrc.ac.uk/esrccontent/news/april02-2.asp
590 _aWB
650 _aCONNECTIVITY
650 _aGLOBALIZATION
650 _aLONDON
650 _aNEW YORK
650 _aHONG KONG
650 _aLEAGUE TABLES
650 _aLOUGHBOROUGH UNIVERSITY
650 _aECONOMIC AND SOCIAL RESEARCH COUNCIL
650 _aFINANCIAL SERVICES
650 _aBUSINESS SERVICES
690 _aMANAGEMENT-BUSINESS MANAGEMENT
942 _n0
999 _c70059
_d70059